00325nam a2200133Ia 45000030006000000080041000060400015000471000024000622450031000862600039001173000006001565460012001620050017001740STCL150530s9999 xx 000 0 und d aSTCLcSTCL aPoorna Singh Dabasa aBap Ki Talash Mein ek Atma bPachouri Prakasha; Gasiyabadc1998 a0 aEnglish20220125171309.0